000 01165cam a2200337 4500
008 090401t1998 xxu||||| |||| 00| 0 eng d
020 _a0727726005
035 _a(Sirsi) u82261
041 _aeng
050 _a692.8
100 _aCox, Andrew
245 _aContracting for business success.
260 _aLondon
_bThomas Telford Ltd.
_c1998
300 _a332p. ; 24cm.
350 _a35
520 _aLooks at all the major forms of contract and procedures for dispute resolution used in construction projects and considers which are most appropriate in different circumstances. Based on the authors` ongoing research into construction procurement management at the University of Birmingham.
650 _aBUILT ENVIRONMENT-BUILDING CONTRACT FORMS
650 _aDESIGN AND BUILD
650 _aDISPUTE RESOLUTION
_96236
650 _aGOVERNMENT CONTRACTS
650 _aMINOR WORKS
650 _aNEC
650 _aNEW ENGINEERING CONTRACT
650 _aPROCUREMENT MANAGEMENT
650 _aPUBLIC SECTOR
650 _aSEQUENTIAL CONTRACTS
690 _aBUILT ENVIRONMENT
700 _aThompson, Ian
942 _n0
948 _c20/11/1997
999 _c96771
_d96771